00511cam a22001934a 45000010009000000050017000090080041000260100017000670200022000840400018001060410008001240420008001320800016001400820020001561000007001761010008001832450073001915040053002641270094220171227050139.0020312s2003 maua b 000 0 eng  a 2002018537 a0205368069 (pbk.) aDLCcDLCdDLC aeng apcc a001.42 THOM00a001.42 THOM2211 a50 aSOC10aSpotlight on social research /cAlexander R. Thomas, Polly J. Smith. aIncludes bibliographical references (p. 226-227)